Introducción a los sistemas de bases de datos / (Record no. 21172)
[ view plain ]
| 000 -CABECERA | |
|---|---|
| campo de control de longitud fija | 01018nam a2200265 a 4500 |
| 001 - NÚMERO DE CONTROL | |
| campo de control | 000021673 |
| 005 - FECHA Y HORA DE LA ÚLTIMA TRANSACCIÓN | |
| campo de control | 20240513194009.0 |
| 008 - DATOS DE LONGITUD FIJA--INFORMACIÓN GENERAL | |
| campo de control de longitud fija | 100909s1998 mx ad r 000 0 spa d |
| 020 ## - NÚMERO INTERNACIONAL ESTÁNDAR DEL LIBRO | |
| Número Internacional Estándar del Libro | 9684442203 |
| 040 ## - FUENTE DE LA CATALOGACIÓN | |
| Centro catalogador/agencia de origen | DO-SdBNP |
| Lengua de catalogación | spa |
| Centro/agencia transcriptor | BNPHU |
| 082 ## - NÚMERO DE LA CLASIFICACIÓN DECIMAL DEWEY | |
| Número de clasificación | 005.74068 |
| Número de documento/Ítem | D232i |
| 049 ## - FONDOS LOCALES (OCLC) | |
| Fondos de biblioteca | BNGR |
| 100 1# - ENTRADA PRINCIPAL--NOMBRE DE PERSONA | |
| Nombre de persona | Date, C. J. |
| 9 (RLIN) | 45089 |
| 245 10 - MENCIÓN DE TÍTULO | |
| Título | Introducción a los sistemas de bases de datos / |
| Mención de responsabilidad, etc. | C. J. Date ; traducción Roberto Escalona García ; colaboración Américo Vargas Villazón , Adoración de Miguel Castaño. |
| 250 ## - MENCIÓN DE EDICIÓN | |
| Mención de edición | 5a ed. |
| 260 ## - PUBLICACIÓN, DISTRIBUCIÓN, ETC. | |
| Lugar de publicación, distribución, etc. | México, D. F. : |
| Nombre del editor, distribuidor, etc. | Addison Wesley Longman, |
| Fecha de publicación, distribución, etc. | 1998. |
| 300 ## - DESCRIPCIÓN FÍSICA | |
| Extensión | v. 1 : |
| Otras características físicas | il., diag. ; |
| Dimensiones | 23 cm. |
| 500 ## - NOTA GENERAL | |
| Nota general | Incluye apéndice de abreviaturas y acrónimos. |
| 500 ## - NOTA GENERAL | |
| Nota general | Incluye índice de materias. |
| 500 ## - NOTA GENERAL | |
| Nota general | Incluye vocabulario técnico bilingüe. |
| 650 #0 - PUNTO DE ACCESO ADICIONAL DE MATERIA--TÉRMINO DE MATERIA | |
| Término de materia o nombre geográfico como elemento de entrada | Administración de bases de datos |
| 9 (RLIN) | 47290 |
| 700 1# - PUNTO DE ACCESO ADICIONAL--NOMBRE DE PERSONA | |
| Nombre de persona | Escalona García, Roberto, |
| Término indicativo de función/relación | tr. |
| 9 (RLIN) | 45091 |
| 700 1# - PUNTO DE ACCESO ADICIONAL--NOMBRE DE PERSONA | |
| Nombre de persona | Vargas Villazón, Américo |
| 9 (RLIN) | 45092 |
| 700 1# - PUNTO DE ACCESO ADICIONAL--NOMBRE DE PERSONA | |
| Nombre de persona | Miguel Castaño, Adoración de |
| 9 (RLIN) | 45093 |
| Estado de retiro | Estado de pérdida | Restricciones de uso | No para préstamo | Código de colección | Localización permanente | Ubicación/localización actual | Ubicación en estantería | Fecha de adquisición | Número de inventario | Total de préstamos | Signatura topográfica completa | Código de barras | Fecha visto por última vez | Precio válido a partir de | Tipo de ítem Koha |
|---|---|---|---|---|---|---|---|---|---|---|---|---|---|---|---|
| Monografías: Libros y Folletos | General | General | En catalogación | 09.09.2010 | LF1 | 005.74068 D232i | 21673-10 | 25.06.2020 | 25.06.2020 | Préstamo en sala |
